00861nam a2200229 a 450000100100000000500170001000800410002704000250006804100390009308200140013210000290014624000420017524500480021726000310026530000360029650400740033253400630040665000180046904900090048795201180049699900170061400002388620260204085718.0110115s1936 sp ac r 000 0 spa d aDO-SdBNPbspacBNPHU17aspaheng2Código de idiomas MARC a395bE34n1 aEichler, Lillian,94914214aThe new book of etiquette.lEspañol10aNuevo libro de etiqueta /cLillian Eichler. aBarcelona :bHymsa,c1936. a405 p. :bil., retrs. ;c22 cm. aIncluye referencias bibliográficas y notas al pie de las páginas. pTítulo original en inglés:tThe new book of etiquette. 0aEtiqueta9402 aBNGR 001052708MOaGRbGRcCTd2011-01-15iLF1l0o395 E34np23886-10r2020-06-25w2020-06-25y2ZPréstamo interno c23382d23382